[Event "Evry op"]
[Site "Evry"]
[Date "2005.02.26"]
[Round "8"]
[White "Bergez, Luc"]
[Black "Leroy, Adrien"]
[Result "1/2-1/2"]
[WhiteElo "2371"]
[BlackElo "2224"]
[PlyCount "75"]
[EventDate "2005.03.12"]
[EventType "swiss"]
[EventRounds "9"]
[EventCountry "FRA"]
[SourceTitle "EXT 2006"]
[Source "ChessBase"]
[SourceDate "2005.11.24"]
[SourceVersion "1"]
[SourceVersionDate "2005.11.24"]
[SourceQuality "1"]

1. e4 d6 2. d4 Nf6 3. Nc3 e5 4. dxe5 dxe5 5. Qxd8+ Kxd8 6. Bc4 Be6 7. Bxe6 fxe6 8. f3 Bd6 9. Nh3 Ke7 10. Nf2 Nc6 11. Be3 Rad8 12. 0-0-0 a6 13. Nd3 Nd4 14. Bf2 g5 15. h4 h6 16. hxg5 hxg5 17. Rxh8 Rxh8 18. Nxe5 Bxe5 19. Bxd4 Bf4+ 20. Kb1 Rh2 21. Rg1 e5 22. Bc5+ Ke6 23. Nd1 g4 24. Be3 Bxe3 25. Nxe3 gxf3 26. gxf3 Rh3 27. Ng4 Rxf3 28. Nxf6 Kxf6 29. Kc1 Rf4 30. Re1 Kg5 31. Kd2 Rf2+ 32. Kd3 Kf4 33. Rh1 Rf3+ 34. Ke2 Kxe4 35. Rh7 Rg3 36. Kf2 Rf3+ 37. Ke2 Rg3 38. Kf2 1/2-1/2

[Event "Monaco IM 4th"]
[Site "Monte Carlo"]
[Date "2003.04.12"]
[Round "6"]
[White "Leroy, Adrien"]
[Black "Van Hoolandt, Patrick"]
[Result "1-0"]
[WhiteElo "2265"]
[BlackElo "2298"]
[PlyCount "73"]
[EventDate "2003.04.07"]
[EventType "tourn"]
[EventRounds "9"]
[EventCountry "MNC"]
[EventCategory "3"]
[SourceTitle "CBM 093 Extra"]
[Source "ChessBase"]
[SourceDate "2003.05.09"]
[SourceVersion "1"]
[SourceVersionDate "2003.05.09"]
[SourceQuality "1"]

1. Nf3 Nf6 2. d4 e6 3. g3 b5 4. Bg2 Bb7 5. 0-0 c5 6. a4 b4 7. c3 a5 8. Nbd2 d5 9. cxb4 cxb4 10. Ne5 Bd6 11. Ndc4 Be7 12. Bf4 0-0 13. Rc1 Ra7 14. Nd2 Ne8 15. Nb3 g5 16. Be3 f6 17. Nd3 Bc6 18. Nbc5 Ng7 19. Bh3 Qd6 20. f4 h6 21. fxg5 hxg5 22. Qc2 Be8 23. Bf2 Nc6 24. e4 Nxd4 25. Bxd4 dxe4 26. Qf2 e5 27. Be3 Ra8 28. Rfd1 f5 29. Nxb4 Qh6 30. Nd5 Bxc5 31. Bxc5 Qxh3 32. Bxf8 Kxf8 33. Rc7 Ra6 34. Qc5+ Kg8 35. Qe7 Rg6 36. Nf6+ Kh8 37. Qf8# 1-0

[Event "Monaco IM 4th"]
[Site "Monte Carlo"]
[Date "2003.04.09"]
[Round "3"]
[White "Leroy, Adrien"]
[Black "Libiszewski, Fabien"]
[Result "0-1"]
[WhiteElo "2265"]
[BlackElo "2369"]
[PlyCount "98"]
[EventDate "2003.04.07"]
[EventType "tourn"]
[EventRounds "9"]
[EventCountry "MNC"]
[EventCategory "3"]
[SourceTitle "CBM 093 Extra"]
[Source "ChessBase"]
[SourceDate "2003.05.09"]
[SourceVersion "1"]
[SourceVersionDate "2003.05.09"]
[SourceQuality "1"]

1. e4 e6 2. d4 d5 3. Bd3 c5 4. exd5 Qxd5 5. Nc3 Qxd4 6. Be3 Qd8 7. Qf3 Nc6 8. 0-0-0 Bd7 9. Qg3 Qa5 10. Bd2 Nf6 11. a3 c4 12. Bxc4 Qc5 13. Bd3 Ne5 14. Be3 Nxd3+ 15. Rxd3 Qf5 16. Qc7 Bc6 17. Nf3 Bc5 18. Ne5 Bxe3+ 19. fxe3 0-0 20. Nxc6 bxc6 21. Rhd1 Qc5 22. Qd6 Qa5 23. e4 Rac8 24. g4 Nxg4 25. Qf4 Ne5 26. Rg3 Ng6 27. Qe3 Qb6 28. Qxb6 axb6 29. Na4 b5 30. Nc5 Rfd8 31. Nd7 Nf8 32. Rgd3 Rxd7 33. Rxd7 Nxd7 34. Rxd7 g5 35. e5 Kg7 36. Kd2 Kg6 37. Ke3 h5 38. Ke4 Ra8 39. Rd6 Ra4+ 40. b4 c5 41. c3 Rxa3 42. bxc5 Rxc3 43. Rc6 b4 44. Rc8 b3 45. c6 b2 46. Rb8 Rxc6 47. Rxb2 Rc4+ 48. Ke3 Rf4 49. Rb7 Rh4 0-1

[Event "Monaco IM 4th"]
[Site "Monte Carlo"]
[Date "2003.04.08"]
[Round "2"]
[White "Efimov, Igor"]
[Black "Leroy, Adrien"]
[Result "1-0"]
[WhiteElo "2477"]
[BlackElo "2265"]
[PlyCount "61"]
[EventDate "2003.04.07"]
[EventType "tourn"]
[EventRounds "9"]
[EventCountry "MNC"]
[EventCategory "3"]
[SourceTitle "CBM 093 Extra"]
[Source "ChessBase"]
[SourceDate "2003.05.09"]
[SourceVersion "1"]
[SourceVersionDate "2003.05.09"]
[SourceQuality "1"]

1. d4 Nf6 2. c4 e6 3. Nf3 b6 4. Nc3 Bb4 5. Bg5 h6 6. Bh4 Bb7 7. e3 g5 8. Bg3 Ne4 9. Qc2 Bxc3+ 10. bxc3 d6 11. Bd3 f5 12. d5 exd5 13. cxd5 Bxd5 14. Nd4 Qf6 15. f3 Nxg3 16. hxg3 f4 17. gxf4 gxf4 18. Be4 c6 19. Bxd5 cxd5 20. exf4 Nd7 21. Kf2 0-0 22. Rh5 Rac8 23. Nf5 Rxc3 24. Qd2 Rfc8 25. Qxd5+ Kf8 26. Rxh6 Rc2+ 27. Kg3 Qxa1 28. Qxd6+ Kg8 29. Qe6+ Kf8 30. Qe7+ Kg8 31. Rg6+ 1-0

[Event "Paris-ch op"]
[Site "Paris"]
[Date "2002.07.12"]
[Round "7"]
[White "Leroy, Adrien"]
[Black "Debray, Christopher"]
[Result "1/2-1/2"]
[WhiteElo "2253"]
[BlackElo "2095"]
[PlyCount "130"]
[EventDate "2002.07.06"]
[EventType "swiss"]
[EventRounds "9"]
[EventCountry "FRA"]
[SourceTitle "CBM 089 Extra"]
[Source "ChessBase"]
[SourceDate "2002.09.10"]
[SourceVersion "2"]
[SourceVersionDate "2002.09.10"]
[SourceQuality "1"]

1. d4 e6 2. g3 Nf6 3. Bg2 c5 4. Nf3 Nc6 5. 0-0 cxd4 6. Nxd4 Qb6 7. Nb3 Be7 8. e4 0-0 9. c4 d6 10. Nc3 Ne5 11. Qe2 Bd7 12. Bf4 Rac8 13. c5 Qc7 14. cxd6 Bxd6 15. Rfd1 a6 16. Rd2 Bc6 17. Rad1 Rfd8 18. h3 Qb8 19. Bg5 Be7 20. Nd4 Be8 21. Bf4 Bd6 22. Nc2 h6 23. Ne1 Bc7 24. Rxd8 Rxd8 25. Rxd8 Qxd8 26. Qd1 Qe7 27. Qb3 Bc6 28. Nc2 Ng6 29. Be3 b5 30. Nb4 Bb7 31. Nd3 Qd8 32. Nc5 Bc8 33. f4 Bb6 34. e5 Nd7 35. N3e4 Qc7 36. Nxd7 Qc1+ 37. Kf2 Bxe3+ 38. Qxe3 Qxb2+ 39. Qd2 Qxd2+ 40. Nxd2 Bxd7 41. Nb3 Bc8 42. Ke3 h5 43. Be4 Ne7 44. Kd4 f6 45. h4 Kf7 46. Kc5 fxe5 47. fxe5 Nf5 48. Bxf5 exf5 49. Nd2 Be6 50. a3 g6 51. Kd6 Bc4 52. e6+ Kf6 53. e7 Bf7 54. Nf3 Be8 55. Nd4 a5 56. Ne6 b4 57. axb4 axb4 58. Nc7 Kf7 59. Nd5 b3 60. Nc3 b2 61. Nb1 Ba4 62. Nc3 Ke8 63. Ke6 Bb3+ 64. Kf6 Bc2 65. Ke6 Bb3+ 1/2-1/2

[Event "Evry IM"]
[Site "Evry"]
[Date "2002.04.30"]
[Round "9"]
[White "Leroy, Adrien"]
[Black "Marchand, Francois"]
[Result "0-1"]
[WhiteElo "2272"]
[BlackElo "2259"]
[PlyCount "124"]
[EventDate "2002.04.22"]
[EventType "tourn"]
[EventRounds "9"]
[EventCountry "FRA"]
[EventCategory "4"]
[SourceTitle "CBM 088 Extra"]
[Source "ChessBase"]
[SourceDate "2002.07.01"]
[SourceVersion "2"]
[SourceVersionDate "2002.07.01"]
[SourceQuality "1"]

1. Nf3 d5 2. g3 Nf6 3. Bg2 c6 4. b3 Bg4 5. Bb2 Nbd7 6. 0-0 e6 7. d3 Bd6 8. Nbd2 Qe7 9. e4 Ba3 10. Bxa3 Qxa3 11. Qe1 Bxf3 12. Bxf3 Qd6 13. Rd1 0-0 14. Bg2 Rab8 15. d4 Nxe4 16. Nxe4 dxe4 17. Qxe4 Nf6 18. Qe2 Rfd8 19. Rd3 Rd7 20. Rfd1 Rbd8 21. a4 a5 22. Qe1 Qc7 23. Kf1 h6 24. f4 Qb6 25. Qf2 Qc7 26. Bf3 Kf8 27. Kg2 Kg8 28. Kg1 Kf8 29. h3 Kg8 30. Bg2 Nd5 31. Be4 b5 32. Bxd5 Rxd5 33. c4 bxc4 34. bxc4 R5d7 35. f5 e5 36. d5 e4 37. Rd4 Qe5 38. Qf4 Qxf4 39. gxf4 cxd5 40. Rxd5 Rxd5 41. Rxd5 Rc8 42. c5 Rb8 43. Kf2 Rb4 44. c6 Rc4 45. Ke3 Rxc6 46. Rxa5 Rc4 47. Ra8+ Kh7 48. a5 Ra4 49. h4 g6 50. f6 g5 51. hxg5 hxg5 52. f5 g4 53. Kf4 e3+ 54. Kxe3 Kh6 55. Rg8 Rxa5 56. Kf4 Ra4+ 57. Ke5 Ra5+ 58. Kd6 Kh5 59. Ke7 Ra7+ 60. Kf8 Kh4 61. Rh8+ Kg5 62. Rh7 Kxf6 0-1

[Event "Evry IM"]
[Site "Evry"]
[Date "2002.04.29"]
[Round "8"]
[White "Cornette, Matthieu"]
[Black "Leroy, Adrien"]
[Result "0-1"]
[WhiteElo "2334"]
[BlackElo "2272"]
[PlyCount "64"]
[EventDate "2002.04.22"]
[EventType "tourn"]
[EventRounds "9"]
[EventCountry "FRA"]
[EventCategory "4"]
[SourceTitle "CBM 088 Extra"]
[Source "ChessBase"]
[SourceDate "2002.07.01"]
[SourceVersion "2"]
[SourceVersionDate "2002.07.01"]
[SourceQuality "1"]

1. e4 e6 2. d4 d5 3. Nc3 dxe4 4. Nxe4 Nd7 5. Nf3 Ngf6 6. Nxf6+ Nxf6 7. Bd3 b6 8. Ne5 Bb7 9. Bb5+ c6 10. Nxc6 Qd5 11. c4 Qe4+ 12. Qe2 a6 13. Qxe4 Nxe4 14. Ba4 b5 15. cxb5 axb5 16. Bxb5 Nd6 17. Na5+ Nxb5 18. Nxb7 Ra7 19. Nc5 Nxd4 20. Be3 Nc2+ 21. Ke2 Nxe3 22. fxe3 Bxc5 23. Rhc1 Rc7 24. b4 Bd6 25. a4 Kd7 26. Rxc7+ Kxc7 27. b5 Kb6 28. Rc1 Bc5 29. Rd1 Ra8 30. Ra1 Rd8 31. Ra2 Rd5 32. h3 Re5 0-1

[Event "Evry IM"]
[Site "Evry"]
[Date "2002.04.24"]
[Round "3"]
[White "Inkiov, Ventzislav"]
[Black "Leroy, Adrien"]
[Result "1-0"]
[WhiteElo "2440"]
[BlackElo "2272"]
[PlyCount "63"]
[EventDate "2002.04.22"]
[EventType "tourn"]
[EventRounds "9"]
[EventCountry "FRA"]
[EventCategory "4"]
[SourceTitle "CBM 088 Extra"]
[Source "ChessBase"]
[SourceDate "2002.07.01"]
[SourceVersion "2"]
[SourceVersionDate "2002.07.01"]
[SourceQuality "1"]

1. e4 c5 2. Nf3 d6 3. d4 Nf6 4. Nc3 cxd4 5. Nxd4 a6 6. g3 e5 7. Nde2 Be6 8. Bg2 b5 9. h3 Nbd7 10. 0-0 Nb6 11. Nd5 Nbxd5 12. exd5 Bf5 13. g4 Bg6 14. Be3 Be7 15. Ng3 h5 16. g5 Nd7 17. h4 Rc8 18. c3 f5 19. f4 e4 20. a4 Nc5 21. axb5 axb5 22. Bd4 Nd3 23. Bh3 b4 24. Nxf5 0-0 25. Nxe7+ Qxe7 26. Ra7 Rc7 27. Be6+ Kh8 28. Rxc7 Qxc7 29. f5 bxc3 30. fxg6 Rxf1+ 31. Qxf1 Qe7 32. Qf7 1-0

[Event "Paris-ch op"]
[Site "Paris"]
[Date "1999.07.21"]
[Round "5"]
[White "Leroy, Adrien"]
[Black "Negre Moret, Albert"]
[Result "1-0"]
[WhiteElo "2248"]
[BlackElo "2132"]
[PlyCount "89"]
[EventDate "1999.07.17"]
[EventType "swiss"]
[EventRounds "9"]
[EventCountry "FRA"]
[SourceTitle "EXT 2000"]
[Source "ChessBase"]
[SourceDate "1999.11.16"]
[SourceVersion "1"]
[SourceVersionDate "1999.11.16"]
[SourceQuality "1"]

1. d4 Nf6 2. Nf3 g6 3. Bg5 Bg7 4. Nbd2 0-0 5. e3 d6 6. c3 Nbd7 7. Be2 h6 8. Bh4 e5 9. dxe5 dxe5 10. Ne4 g5 11. Nxf6+ Nxf6 12. Qxd8 Rxd8 13. Bg3 e4 14. Nd2 c6 15. 0-0-0 Be6 16. Nc4 Nd5 17. Nd6 f5 18. Nxb7 Re8 19. Nc5 Bf7 20. c4 Nb6 21. b3 f4 22. exf4 a5 23. fxg5 a4 24. Bc7 axb3 25. axb3 Ra1+ 26. Kd2 Ra2+ 27. Ke3 Nc8 28. Rd8 Ne7 29. Rxe8+ Bxe8 30. Bg4 Bg6 31. Rd1 Rc2 32. Nxe4 Bxe4 33. Kxe4 Rxf2 34. Rd8+ Kh7 35. gxh6 Kxh6 36. Bf4+ Kh7 37. Ke3 Rxg2 38. Bf3 Nf5+ 39. Ke4 Rf2 40. Bg4 Nh6 41. Bh5 Ng8 42. Ke3 Rb2 43. Rb8 Ne7 44. Rb7 Ng6 45. Bxg6+ 1-0

[Event "FRA-ch U20 Girls"]
[Site "Montlucon"]
[Date "1997.??.??"]
[Round "1"]
[White "Chapelle, Emilie"]
[Black "Leroy, Adrien"]
[Result "1-0"]
[WhiteElo "1850"]
[BlackElo "2215"]
[PlyCount "39"]
[EventDate "1997.??.??"]
[EventType "swiss"]
[EventRounds "8"]
[EventCountry "FRA"]
[SourceTitle "EXT 2001"]
[Source "ChessBase"]
[SourceDate "2000.11.22"]
[SourceVersion "1"]
[SourceVersionDate "2000.11.22"]
[SourceQuality "1"]

1. d4 d5 2. c4 e6 3. Nc3 Nf6 4. cxd5 exd5 5. Bg5 Be6 6. e3 Bb4 7. Qa4+ Nc6 8. Bb5 Bxc3+ 9. bxc3 Bd7 10. Qb3 0-0 11. Ne2 Ne7 12. Bd3 Ng6 13. h4 h5 14. Ng3 Be8 15. Nxh5 Qd6 16. Nxf6+ gxf6 17. Bh6 Kh8 18. h5 Rg8 19. hxg6 Qe7 20. Bf8# 1-0

[Event "Linares Anibal op 02nd"]
[Site "Linares"]
[Date "1995.??.??"]
[Round "?"]
[White "Leroy, Adrien"]
[Black "Kovacevic, Slobodan"]
[Result "0-1"]
[WhiteElo "2220"]
[BlackElo "2365"]
[PlyCount "54"]
[EventDate "1995.01.??"]
[EventType "swiss"]
[EventRounds "9"]
[EventCountry "ESP"]
[SourceTitle "CBM 045 Extra"]
[Source "ChessBase"]
[SourceDate "1995.05.01"]
[SourceVersion "1"]
[SourceVersionDate "1995.05.01"]
[SourceQuality "1"]

1. Nf3 c5 2. c4 b6 3. g3 Bb7 4. Bg2 Nf6 5. 0-0 e6 6. Nc3 a6 7. b3 d6 8. d4 cxd4 9. Qxd4 Nbd7 10. e4 Be7 11. Ba3 Nc5 12. Rad1 Qc8 13. e5 dxe5 14. Nxe5 Bxg2 15. Kxg2 Qb7+ 16. f3 Nxb3 17. axb3 Bxa3 18. Ne4 Nxe4 19. fxe4 0-0 20. Nd7 Rfd8 21. Rf4 Be7 22. Rf3 Ra7 23. Rfd3 Rxd7 24. Qxd7 Qxe4+ 25. Kh3 Rxd7 26. Rxd7 h5 27. Rf1 Bf6 0-1

[Event "Budapest FS07 IM"]
[Site "Budapest"]
[Date "1994.??.??"]
[Round "6"]
[White "Leroy, Adrien"]
[Black "Hoang, Thanh Trang"]
[Result "1/2-1/2"]
[WhiteElo "2220"]
[BlackElo "2285"]
[PlyCount "136"]
[EventDate "1994.07.??"]
[EventType "tourn"]
[EventRounds "13"]
[EventCountry "HUN"]
[EventCategory "2"]
[SourceTitle "EXT 1997"]
[Source "ChessBase"]
[SourceDate "1996.11.15"]
[SourceVersion "1"]
[SourceVersionDate "1996.11.15"]
[SourceQuality "1"]

1. d4 f5 2. g3 Nf6 3. Bg2 g6 4. c4 Bg7 5. Nh3 0-0 6. 0-0 d6 7. d5 Na6 8. Nc3 Qe8 9. Nf4 Nc5 10. Nb5 Qd8 11. h4 Nfe4 12. Nd4 a5 13. Be3 Bd7 14. Qc2 Qc8 15. Rad1 c6 16. Nb3 Nxb3 17. Qxb3 Kh8 18. Qc2 Nf6 19. Bd4 cxd5 20. Bxf6 Bxf6 21. Nxd5 Ra6 22. Qb3 Bc6 23. Nxf6 Rxf6 24. Qe3 Bxg2 25. Kxg2 Qe6 26. Qc3 Ra8 27. e3 Kg8 28. Rd5 Rc8 29. Rc1 b6 30. f3 Rff8 31. Rb5 Rc6 32. Qd4 Rb8 33. b3 Kf7 34. Kf2 Qf6 35. Ke2 Rc5 36. Qxf6+ Kxf6 37. Kd3 e5 38. e4 Ke6 39. h5 fxe4+ 40. Kxe4 gxh5 41. Rxc5 bxc5 42. Rh1 Rg8 43. Rxh5 Rxg3 44. Rh6+ Rg6 45. Rxh7 Rg2 46. a4 Re2+ 47. Kd3 Rf2 48. Ke3 Rb2 49. Rb7 Kf5 50. Rb8 Rb1 51. Rf8+ Ke6 52. Re8+ Kf5 53. Rf8+ Ke6 54. Rb8 Kf5 55. Kd3 Rf1 56. Ke2 Rb1 57. Ke3 Re1+ 58. Kd2 Rf1 59. Rf8+ Ke6 60. Kc2 Ke7 61. Rf5 Ke6 62. Rf8 Ke7 63. Ra8 Rf2+ 64. Kd3 Rxf3+ 65. Kc2 Rf2+ 66. Kc1 Rf3 67. Kb2 Rf2+ 68. Kc3 Rf3+ 1/2-1/2

[Event "Lloyds Bank op 18th"]
[Site "London"]
[Date "1994.??.??"]
[Round "3"]
[White "Leroy, Adrien"]
[Black "Lodhi, Mahmood"]
[Result "0-1"]
[WhiteElo "2220"]
[BlackElo "2450"]
[PlyCount "74"]
[EventDate "1994.08.??"]
[EventType "swiss"]
[EventRounds "10"]
[EventCountry "ENG"]
[SourceTitle "EXT 2000"]
[Source "ChessBase"]
[SourceDate "1999.11.16"]
[SourceVersion "1"]
[SourceVersionDate "1999.11.16"]
[SourceQuality "1"]

1. d4 Nf6 2. c4 e5 3. dxe5 Ng4 4. Bf4 Nc6 5. Nf3 Bb4+ 6. Nbd2 Qe7 7. e3 Ngxe5 8. Nxe5 Nxe5 9. Be2 0-0 10. 0-0 Bxd2 11. Qxd2 d6 12. Qc3 b6 13. c5 Bb7 14. Rfd1 Rfd8 15. cxd6 cxd6 16. Qa3 Qe6 17. Rd4 d5 18. Bxe5 Qxe5 19. Rad1 Bc6 20. Bf3 Rd7 21. Qc3 Rd6 22. e4 Rad8 23. exd5 g6 24. g3 Bb7 25. Bg2 Kg7 26. Qd2 h6 27. b4 R8d7 28. a4 Rc7 29. Re1 Qf6 30. a5 Rc2 31. Qxc2 Qxd4 32. Qc7 Rf6 33. Rf1 Ba6 34. Qc1 Bxf1 35. Qxf1 Qxb4 36. axb6 Qxb6 37. h4 a5 0-1

[Event "FRA-chT"]
[Site "France"]
[Date "1994.??.??"]
[Round "6"]
[White "Leroy, Adrien"]
[Black "Theon, Pierre"]
[Result "1-0"]
[WhiteElo "2340"]
[BlackElo "2070"]
[PlyCount "39"]
[EventDate "1994.??.??"]
[EventType "team"]
[EventRounds "11"]
[EventCountry "FRA"]
[SourceTitle "EXT 1999"]
[Source "ChessBase"]
[SourceDate "1998.11.16"]
[SourceVersion "1"]
[SourceVersionDate "1998.11.16"]
[SourceQuality "1"]

1. d4 Nf6 2. c4 c5 3. d5 g6 4. Nc3 Bg7 5. e4 0-0 6. Be2 d6 7. Nf3 e6 8. 0-0 exd5 9. cxd5 Bg4 10. Qc2 Na6 11. Bf4 Nc7 12. Rad1 Nh5 13. Bg5 f6 14. Bc1 f5 15. h3 fxe4 16. hxg4 exf3 17. Bxf3 Nf4 18. g3 Nh3+ 19. Kg2 Bd4 20. Ne4 1-0